Mid-trimester chorionic biopsy. Case report

Elmentve itt :
Bibliográfiai részletek
Szerzők: Szabó János
Gellén János
Szemere György
Dokumentumtípus: Cikk
Megjelent: 1986
Sorozat:BRITISH JOURNAL OF OBSTETRICS AND GYNAECOLOGY 93 No. 5
Tárgyszavak:
doi:10.1111/j.1471-0528.1986.tb08663.x

mtmt:2037059
Online Access:http://publicatio.bibl.u-szeged.hu/33427
LEADER 00785nab a2200229 i 4500
001 publ33427
005 20250522153358.0
008 250522s1986 hu o 000 eng d
022 |a 0306-5456; 1365-215X 
024 7 |a 10.1111/j.1471-0528.1986.tb08663.x  |2 doi 
024 7 |a 2037059  |2 mtmt 
040 |a SZTE Publicatio Repozitórium  |b hun 
041 |a eng 
100 1 |a Szabó János 
245 1 0 |a Mid-trimester chorionic biopsy. Case report  |h [elektronikus dokumentum] /  |c  Szabó János 
260 |c 1986 
300 |a 512-513 
490 0 |a BRITISH JOURNAL OF OBSTETRICS AND GYNAECOLOGY  |v 93 No. 5 
650 4 |a Klinikai orvostan 
700 0 1 |a Gellén János  |e aut 
700 0 1 |a Szemere György  |e aut 
856 4 0 |u http://publicatio.bibl.u-szeged.hu/33427/1/aok_klny_1057_86.pdf  |z Dokumentum-elérés